| 000 | 00632nam a2200229Ia 4500 | ||
|---|---|---|---|
| 003 | OSt | ||
| 005 | 20220918202523.0 | ||
| 006 | a|||||r|||| 00| 0 | ||
| 007 | ta | ||
| 008 | 220917b |||||||| |||| 00| 0 eng d | ||
| 024 | _a101,861 | ||
| 037 | _cTextual | ||
| 040 |
_aARTS _cARTS _beng |
||
| 041 |
_2eng _aeng |
||
| 082 | _aV218:3(T).M, L9 | ||
| 100 |
_aRao Y Vittal _9104164 |
||
| 245 | 0 | _aEducation and learning in Andhra the East India company | |
| 260 |
_aSecunderabad _bVidyaranga swamy _c1979 |
||
| 650 | _aHISTORY | ||
| 942 |
_hV218:3(T).M, L9 _cTEXL _2CC |
||
| 999 |
_c225321 _d225321 |
||